000
00225nam a2200097Ia 4500
008
240331s9999 xx 000 0 und d
082
_b
TAM
100
_a
University of madras. ed
245
0
_a
TamilLexicon supplement
942
_c
L
999
_c
5501
_d
5501